000 00692nam a2200217Ii 4500
003 JO-AjNU
008 230605s9999||||xx |||||||||||||| ||und||
017 _a2008/8/2771
040 _aJO-AjNU
_bara
_erda
_cJO-AjNU
041 _aara
050 1 4 _aPJ7860.N5464 2008
100 3 _aتأليف نخيلان،عبدالعزيز مجيد,
_eauthor
_924811
245 0 0 _aرحلة ثلاث عقود: ديوان شعر
250 _aط1
264 3 1 _aعمان:دار الياقوت،2008
300 _a220ص
336 _atext
_btxt
_2rdacontent
337 _aunmediated
_bn
_2rdamedia
338 _avolume
_bnc
_2rdacarrier
650 4 _aالشعر العربي - العصر الحديث
_924812
999 _aA9196
_c12764
_d12764